|
|
|
|
| LEADER |
00975Cam#a2200289#a#4500 |
| 001 |
021176 |
| 005 |
20250214144255.0 |
| 008 |
091019s2007####ag a f#b #000|edspa#d |
| 020 |
|
|
|a 9789871326167
|
| 040 |
|
|
|a AR-BeUNQ
|
| 082 |
0 |
4 |
|a 320.6
|2 21
|
| 100 |
1 |
|
|a Matus, Carlos
|d 1931-1998
|
| 245 |
0 |
2 |
|a Adiós, señor presidente /
|c Carlos Matus.
|
| 250 |
|
|
|a 1a. ed.
|
| 260 |
|
|
|a Remedios de Escalada, Argentina :
|b Ediciones de la UNLa,
|c 2007.
|
| 300 |
|
|
|a 362 p. :
|b gráficos ;
|c 23 cm.
|
| 490 |
1 |
|
|a Planificación y políticas públicas / UNLa
|
| 500 |
|
|
|a Primera edición en la Argentina de la segunda edición ampliada.
|
| 650 |
|
7 |
|a Política
|2 spines
|
| 650 |
|
7 |
|a Ensayos
|2 ttll
|
| 650 |
|
7 |
|a Planificación
|2 spines
|
| 651 |
|
7 |
|a América Latina
|2 toit
|
| 653 |
|
|
|a Políticas públicas
|
| 830 |
|
0 |
|a Planificación y Políticas Públicas (Ediciones de la UNLa).
|
| 929 |
|
|
|a CANJE
|b UNLa
|d 0
|e 20090326
|f PAT0027994
|j 44212
|
| 942 |
|
|
|c LIB
|n 0
|
| 999 |
|
|
|c 20717
|d 96104
|